01110nam a22002777a 4500003000400000005001700004007000300021008004100024040003500065041002800100082001200128100004500140245030300185260004700488300003100535650001400566650001100580650002700591650001900618650001800637650001200655650002200667650002300689650002400712856009600736OSt20250708160938.0ta250708b |||||||| |||| 00| 0 sp d aCUNOROCbspacCUNOROCdCUNOROC aspadspaespagspahspa aT 98 0910aAgustín Mauricio, Heidy Yadira.eAutor10aRazones de la omisión de denuncia por empleados públicos que laboran en centros educativos nacional del nivel medio de la Cabecera Departamental de Huehuetenango, ante el conocimiento de maltrato físico intrafamiliar hacia alumnos adolescentes./cHeidy Yadira Agustín Mauricio./hDigital.-- aHuehuetenango, Guatemala:bCUNOROC;c2024. a98 páginas:bil;c21 cm. aLey penal aDelito aTipología del delito aDelito omisivo aProceso penal aFamilia aEducación media aAgentes educativos aPsicólogo escolar uhttps://drive.google.com/file/d/1E4OdEXcvxtFQf_YCg6fqeKlyFbSUb0u5/view?usp=sharingyDigital